00553nam a2200169Ia 4500008004100000082001500041100001700056245002500073260002500098300000800123630002500131700002000156730002500176942000900201999001900210952015400229100122s9999 xx 000 0 und d b25560a928 aNERUDA PABLO aPABLO NERUDA MEMOIRS bSOUVENIR PRESSc1977 a370 aPABLO NERUDA MEMOIRS aMARTIN HARDIEST aPABLO NERUDA MEMOIRS cBOOK c367932d367929 00104070aSVPPARLEbSVPPARLEd1977-08-10g63.00l0o25560pSVPPARLE-25560r2010-01-25 00:00:00v63.00w2010-01-25yBOOKz"BUNDLE- Q, , General, NA"